000 01129nam a2200229Ia 4500
001 L250-17020
003 IT-CnALBA
008 170116s9999||||xx |||||||||||||| ||und||
040 _aIT-CnALBA
_cIT-CnALBA
041 _aITALIANO
100 _aCUNIBERTI FELICE, TEOL.
245 0 _aISTRUZIONI PARROCCHIALI DI UN PARROCO DI CAMPAGNA. VOL. IV: VIRTÙ TEOLOGALI, CARDINALI E OPERE DI MISERICORDIA.
250 _a1a ed.
260 _aMILANO - TORINO
_bARTIGIANELLI TIPOG. S. GIUSEPPE. MI. TO'
_c1903 [1° Ed.:1903 - Ed.Ling.Originale: 1903]
300 _a424 p.
500 _aFEDE, SPERANZA, CARITÀ. PRUDENZA, GIUSTIZIA, FORTEZZA E TEMPERANZA. OPERE DI MISERICORDIA SPIRITUALI E CORPORALI. I VIZI CAPITALI. I PECCATI CONTRO LO SPIRITO SANTO.
501 _aSocietà San Paolo EM - Piazza San Paolo, 14 - 12051 ALBA (CN) (non commercial uses only) ® Copyright 2017
520 _aFEDE, SPERANZA, CARITÀ. PRUDENZA, GIUSTIZIA, FORTEZZA E TEMPERANZA. OPERE DI MISERICORDIA SPIRITUALI E CORPORALI. I VIZI CAPITALI. I PECCATI CONTRO LO SPIRITO SANTO.
650 _aTEOLOGIA PASTORALE
942 _cBK
957 _71
999 _a21765
_bSI
_g Copie: 1
_c276176
_d276176